|
|
|
|
| LEADER |
00000cam a2200000 a 4500 |
| 001 |
vtls011705677 |
| 003 |
SK-MaSNL |
| 005 |
20260301183038.0 |
| 008 |
220509s2017 xo f n 000 0 slo |
| 015 |
|
|
|a SNBA2017/08
|
| 020 |
|
|
|a 9788022342568
|q (brož.)
|
| 035 |
|
|
|a urn:nbn:sk:snk-am00gjmb
|
| 035 |
|
|
|a urn:nbn:sk:snk-am3j55j
|
| 035 |
|
|
|a 88FA5DCF-02EA-4AB8-93FA-DAB134B7AA94
|
| 040 |
|
|
|a SNK
|b slo
|c SNK
|e AACR2
|
| 041 |
0 |
|
|a slo
|a hun
|b eng
|
| 044 |
|
|
|a xo
|c SK
|
| 072 |
|
7 |
|a 81
|x Lingvistika. Jazyky
|2 konspekt
|
| 080 |
|
|
|a 81`246.3
|2 2011
|
| 080 |
|
|
|a (082)
|2 2011
|
| 080 |
|
|
|a 159.923.2
|2 2011
|
| 080 |
|
|
|a 316.7
|2 2011
|
| 245 |
0 |
0 |
|a Varii sunt colores
|b štúdie o otázkach mnohojazyčnosti, identity a kultúrnej mnohotvárnosti
|c Katalin Misad, Anikó Polgár (Ed.)
|
| 246 |
1 |
1 |
|a Varii sunt colores
|b tanulmányok a többnyelvűség, az identitás és a kulturális sokszínűség kérdéseiről
|
| 260 |
|
|
|a V Bratislave
|b Univerzita Komenského
|c 2017
|
| 300 |
|
|
|a 162 s.
|c 21 cm
|
| 504 |
|
|
|a Bibliogr. ; bibliogr. odkazy ; pozn.
|
| 546 |
|
|
|a Čiast. text v maď. Res. angl.
|
| 650 |
0 |
7 |
|a multilingvizmus
|2 SNKPH
|9 88545
|
| 650 |
0 |
7 |
|a identita
|2 SNKPH
|9 1664
|
| 650 |
0 |
7 |
|a kultúra
|2 SNKPH
|9 886
|
| 650 |
0 |
7 |
|a Multilingualism
|2 SNKPHeng
|9 350380
|
| 650 |
0 |
7 |
|a Identity
|2 SNKPHeng
|9 319272
|
| 650 |
0 |
7 |
|a Culture
|2 SNKPHeng
|9 265082
|
| 655 |
|
7 |
|a zborníky
|2 SNKPH
|9 70165
|
| 655 |
|
7 |
|a Miscellanea
|2 SNKPHeng
|9 265155
|
| 700 |
1 |
|
|a Misad, Katalin,
|d 1961-
|4 edt
|9 108988
|
| 700 |
1 |
|
|a Polgár, Anikó,
|d 1975-
|4 edt
|9 101775
|
| 752 |
|
|
|a Slovensko
|d Bratislava
|
| 919 |
|
|
|a 978-80-223-4256-8
|
| 958 |
|
|
|a NB
|
| 999 |
|
|
|c 855677
|d 857607
|
| 952 |
|
|
|a SNK
|b SNK
|y PREZ
|7 0
|p 17A1270205
|o snkSC 175774
|i snk2017/17873
|8 0
|0 0
|1 0
|4 0
|d 2017-08-03
|f 1
|l 0
|r 2025-09-17 00:00:00
|w 2026-02-24
|
| 952 |
|
|
|a SNK
|b SNK
|y VYP
|7 0
|p 17A1270206
|o snkSC 175774 D1
|i snk2017/17874
|8 0
|0 0
|1 0
|4 0
|d 2017-08-03
|l 0
|r 2026-02-24 04:55:34
|w 2026-02-24
|